|
|
|
|
| LEADER |
00000nam0a2200000 4500 |
| 001 |
356775 |
| 005 |
20231102010927.0 |
| 035 |
|
|
|a (RuTPU)RU\TPU\retro\14035
|
| 090 |
|
|
|a 356775
|
| 100 |
|
|
|a 20200723d1977 m y0rusy50 ca
|
| 101 |
0 |
|
|a rus
|
| 102 |
|
|
|a RU
|
| 105 |
|
|
|a a j 000zy
|
| 200 |
1 |
|
|a Электрохимические методы анализа продуктов нефтепереработки и нефтехимии
|e учебное пособие
|f П. В. Мочалов
|g Московский институт нефтехимической и газовой промышленности им. И. М. Губкина
|
| 210 |
|
|
|a Москва
|c [Б. и.]
|d 1977
|
| 215 |
|
|
|a 94 с.
|c ил.
|
| 606 |
1 |
|
|a Нефтепродукты
|x Анализ
|2 stltpush
|3 (RuTPU)RU\TPU\subj\34247
|9 56247
|
| 610 |
1 |
|
|a неводные растворы
|
| 610 |
1 |
|
|a анализ
|
| 610 |
1 |
|
|a потенциометрические методы
|
| 610 |
1 |
|
|a кондуктометрия
|
| 610 |
1 |
|
|a высокочастотное титрование
|
| 610 |
1 |
|
|a полярография
|
| 610 |
1 |
|
|a кулонометрический анализ
|
| 610 |
1 |
|
|a учебные пособия
|
| 675 |
|
|
|a 665.71(075.8)
|v 4
|
| 700 |
|
1 |
|a Мочалов
|b П. В.
|
| 712 |
0 |
2 |
|a Московский институт нефтехимической и газовой промышленности им. И. М. Губкина
|c (1958-1991)
|2 stltpush
|3 (RuTPU)RU\TPU\col\5781
|9 24121
|
| 801 |
|
1 |
|a RU
|b 63413507
|c 20200723
|
| 801 |
|
2 |
|a RU
|b 63413507
|c 20210203
|g RCR
|
| 942 |
|
|
|c BK
|